Microsoft works 3.0 for DOS
| Main Author: | |
|---|---|
| Format: | Book |
| Published: |
USA :
McGraw-Hill,Inc ,
1994
|
| Subjects: |
MARC
| LEADER | 00000cam a2200000 7i4500 | ||
|---|---|---|---|
| 001 | 0000009867 | ||
| 002 | 000010745 | ||
| 005 | .0 | ||
| 020 | |a 0070489882 | ||
| 090 | 0 | 0 | |a 652.5536 |b OLE |
| 100 | 1 | |a O'Leary, Timothy J | |
| 245 | 1 | 0 | |a Microsoft works 3.0 for DOS |c O'Leary,Timothy J |
| 260 | |a USA : |b McGraw-Hill,Inc , |c 1994 | ||
| 300 | |a 427p. : |b ill. ; |c 26cm. | ||
| 650 | 0 | 0 | |a Microsoft works 3.0 (computer programs) |
| 999 | |a 053063 |b BUKU |c PINJAMAN |e PERPUSTAKAAN KOMUNITI PETALING JAYA | ||